載入...
Orientalism, terrorism, indigenism: South Asian readings in postcolonialism/
| LEADER | 01973cam a2200229 i 4500 | ||
|---|---|---|---|
| 999 | |c 86966 |d 86966 | ||
| 020 | |a 9789351501428 (hardback : alk. paper) | ||
| 082 | 0 | 0 | |a 809.933 58 |b Q5 |
| 100 | 1 | |a Pavan Kumar Malreddy. |9 45271 | |
| 245 | 1 | 0 | |a Orientalism, terrorism, indigenism: |b South Asian readings in postcolonialism/ |c Pavan Kumar Malreddy. |
| 260 | |a New Delhi: |b Sage Publications India Pvt. Ltd., |c 2015. | ||
| 300 | |a xxxiv, 169 p. | ||
| 504 | |a Includes bibliographical references (pages 142-165) and index. | ||
| 505 | 0 | |a Section I. Discourses: orientalism, terrorism, and popular culture -- Orientalism(s) after 9/11 -- Imagining the terrorist: a post-orientalist inquiry -- "Pulp orientalism": representations of Afghanistan and Pakistan in popular fiction -- Section II. Disjunctures: humanism and interdisciplinarity -- After orientalism: difference and disjuncture in postcolonial theory -- Postcolonialism: interdisciplinary or interdiscursive? -- Section III. Indigenism(s): cosmopolitanism, rights, and cultural politics -- Cosmopolitanism within: the case of R.K. Narayan's fictional Malgudi -- (An)other way of being human: indigenous alternatives to postcolonial humanism -- Margins of India: Kancha Ilaiah's "nationalogues". | |
| 650 | 0 | |a Postcolonialism in literature. |9 4080 | |
| 650 | 0 | |a Orientalism in literature. |9 45272 | |
| 650 | 0 | |a Terrorism in literature. |9 45273 | |
| 650 | 0 | |a South Asian literature-History and criticism. |9 45274 | |
| 650 | 0 | |a South Asian literature (English)-History and criticism. |9 45275 | |
| 856 | |u https://books.google.co.in/books?id=1baICwAAQBAJ&pg=PR24&dq=Orientalism,+terrorism,+indigenism&hl=en&sa=X&ved=0ahUKEwjC092txpjQAhVJqY8KHakvAIcQ6AEIHDAA#v=onepage&q=Orientalism%2C%20terrorism%2C%20indigenism&f=false | ||
| 942 | |c BK | ||
| 952 | |0 0 |1 0 |4 0 |6 809_933000000000000_58_Q5 |7 0 |9 79300 |a MGUL |b MGUL |c GEN |d 2016-02-26 |e Calicut Book Distributors Bill No 009988 dated 01.02.2016 |g 795.00 |l 2 |o 809.933 58 Q5 |p 54107 |r 2017-07-10 |s 2017-06-12 |y BK | ||